[Event "Quebec Carnaval op"]
[Site "Quebec"]
[Date "2005.02.18"]
[Round "1"]
[White "Saint Pierre, Steve"]
[Black "Verreault, Richard"]
[Result "1-0"]
[WhiteElo "1869"]
[BlackElo "1614"]
[PlyCount "53"]
[EventDate "2005.02.??"]
[EventType "swiss"]
[EventRounds "5"]
[EventCountry "CAN"]
[SourceTitle "EXT 2006"]
[Source "ChessBase"]
[SourceDate "2005.11.24"]
[SourceVersion "1"]
[SourceVersionDate "2005.11.24"]
[SourceQuality "1"]

1. e3 Nf6 2. f4 d5 3. Nf3 e6 4. b3 Nc6 5. Bb2 g6 6. Bb5 Bg7 7. g4 0-0 8. Bxc6 bxc6 9. g5 Nh5 10. Bxg7 Kxg7 11. Ne5 c5 12. d4 Qd6 13. Nc3 Ba6 14. Na4 f6 15. gxf6+ Nxf6 16. dxc5 Qe7 17. Qd4 Bb5 18. Nc3 a6 19. 0-0-0 Kg8 20. h4 Qg7 21. c6 Ne4 22. Nxe4 Bxc6 23. Nc5 Qe7 24. Nxc6 Qd6 25. Ne5 Rf5 26. Rdg1 Rh5 27. Nxg6 1-0